| 000 | 01084nam a22002177a 4500 | ||
|---|---|---|---|
| 008 | 250408b |||||||| |||| 00| 0 eng d | ||
| 020 | _a9780241694176 | ||
| 040 | _ctbs | ||
| 041 | _aeng | ||
| 050 |
_aQ335 _b.S56 2024 |
||
| 245 |
_aSimply AI _b: facts made fast _c/ contributor, Dr. Claire Quigley |
||
| 250 |
_aSecond edition. _bAmerican edition. |
||
| 260 |
_aNew York, NY _b: DK Publishing, a division of Penguin Random House LLC, _c2024. |
||
| 300 |
_a160 pages : _bcolor illustrations ; _c22 cm. |
||
| 490 | _aSimply | ||
| 520 | _aCovering a broad range of fields within AI - from computing and mathematics to politics and philosophy - entries demystify what artificial intelligence is and how it works, how it has dramatically changed how we live, and how it might evolve in the future. Everyone is talking about AI, but this book helps to explain each individual aspect of AI more clearly than ever before. | ||
| 650 | 0 |
_aArtificial Intelligence _914147 |
|
| 650 | 0 |
_aComputational intelligence _925147 |
|
| 700 |
_aQuigley, Claire _cPhD _925148 _econtributor |
||
| 942 | _2lcc | ||
| 999 |
_c4638 _d4638 |
||